00605 2200241 4500001002100000005001500021035002000036007000300056008004100059020001800100082000800118084001400126100001800140245007300158250001000231260003600241300002600277650001800303990000900321990001100330990001100341990001100352INLIS00000000000575720200618122941 a0010-0620000037ta200618 g 0 ind  a9786027640283 a611 a611 TIL k0 aTILONG, Adi d1 aKeajaiban - Keajaiban Tubuh Manusia :bKeajaiban sel /cAdi d Tilong acet.1 aYogyakarta :bDIVA Press,c2012 a214 hlm ;c14 x 21 cm 4aTUBUH MANUSIA a3516 a2458 a a2458 b a3516 c